000 00328nam a22001337a 4500
020 _a978-0-552-55787-0
082 _a823
_bWIL/M
100 _aJACQUELINE WILSON
245 _aTHE MONSTER STORY-TELLER
260 _aUNITED KINGDOM
_bCORGI PUPS
_c2008
300 _a60
650 _aCHILDREN'S STORY BOOK
_zUNITED KINGDOM
942 _cBK
999 _c123
_d123